000
00309nam a2200133Ia 4500
008
190216s9999||||xx |||||||||||||| ||und||
100
_a
C.J .babu
245
0
_a
Modern Physics
250
_a
I
260
_b
Calicut University Central Co-Operative
_c
2000
300
_a
336
650
_a
Physics
942
_c
BK
999
_c
34673
_d
34673